Education policy : (Record no. 3218)

MARC details
000 -LEADER
fixed length control field 00688nam a22002172 4500
001 - CONTROL NUMBER
control field 0000007495
005 - DATE AND TIME OF LATEST TRANSACTION
control field 20151217145838.0
008 - FIXED-LENGTH DATA ELEMENTS--GENERAL INFORMATION
fixed length control field 080208s xx 000 0 eng d
020 ## - INTERNATIONAL STANDARD BOOK NUMBER
International Standard Book Number 0761974709 :
Terms of availability KES
040 ## - CATALOGING SOURCE
Original cataloging agency KABU
Transcribing agency KABU
100 1# - MAIN ENTRY--PERSONAL NAME
Personal name Olssen, Mark.
-- 0000158721
245 10 - TITLE STATEMENT
Title Education policy :
Remainder of title globalization, citizenship and democracy /
Statement of responsibility, etc. Mark Olssen, John Codd and Anne-Marie O'Neill.
260 ## - PUBLICATION, DISTRIBUTION, ETC. (IMPRINT)
Place of publication, distribution, etc. London :
Name of publisher, distributor, etc. Sage,
Date of publication, distribution, etc. 2004.
300 ## - PHYSICAL DESCRIPTION
Extent x, 326 p.
650 #0 - SUBJECT ADDED ENTRY--TOPICAL TERM
Topical term or geographic name as entry element Education and state.
-- 0000158722
700 1# - ADDED ENTRY--PERSONAL NAME
Personal name Codd, John.
-- 0000158723
700 1# - ADDED ENTRY--PERSONAL NAME
Personal name O'Neill, Anne-Marie.
-- 0000158724
908 ## - PUT COMMAND PARAMETER (RLIN)
Put command parameter 080208
950 ## - LOCAL HOLDINGS (RLIN)
-- 1
Holdings
Withdrawn status Lost status Source of classification or shelving scheme Not for loan Home library Current library Date acquired Total Checkouts Full call number Barcode Date last seen Date last checked out Price effective from Koha item type
    Library of Congress Classification   Kabarak, Main Campus Kabarak, Main Campus 17/12/2015 2 LC71 .O47 003247 07/01/2021 06/02/2020 17/12/2015 General Collection
    Library of Congress Classification   Kabarak, Main Campus Kabarak, Main Campus 17/12/2015   LC71 .O47 012013 17/12/2015   17/12/2015 General Collection
Designed with assistance from East African Informatics Ltd